000 00597nam a2200229Ia 4500
003 OSt
005 20220928145606.0
006 a|||||r|||| 00| 0
007 ta
008 220927b |||||||| |||| 00| 0 eng d
024 _a81337
037 _cTextual
040 _aSDCL
_cSDCL
_beng
041 _2eng
_aeng
082 _aB43, N8
100 _aBerezansky Yu M
_9513543
245 0 _aHarmonic analysis in hyperemplex systems.
260 _c1998
700 _a Kalyuzhnyj A A
_9513544
942 _hB43, N8
_cTEXL
_2CC
999 _c834195
_d834195